Normal view
MARC view
Entry Personal Name
001 - CONTROL NUMBER
- control field: 32072
003 - CONTROL NUMBER IDENTIFIER
- control field: OSt
005 - DATE AND TIME OF LATEST TRANSACTION
- control field: 20220718154308.0
008 - FIXED-LENGTH DATA ELEMENTS
- fixed length control field: 220718|| aca||aabn | a|a d
040 ## - CATALOGING SOURCE
- Original cataloging agency: OSt
- Transcribing agency: OSt
100 ## - HEADING--PERSONAL NAME
- Personal name: Giannitsarou, C., Kissler, S. and Toxvaerd, F.
670 ## - SOURCE DATA FOUND
- Source citation: Work cat.: (OSt)519178: Giannitsarou, C., Kissler, S. and Toxvaerd, F. , Waning immunity and the second wave: Some projections for SARS -Cov-2
